TB. OF HUMAN ANATOMY (Record no. 10595)
[ view plain ]
| 000 -LEADER | |
|---|---|
| fixed length control field | 00291nam a22001457a 4500 |
| 003 - CONTROL NUMBER IDENTIFIER | |
| control field | SGT |
| 082 ## - DEWEY DECIMAL CLASSIFICATION NUMBER | |
| Classification number | 611 |
| Item number | H14T |
| 100 ## - MAIN ENTRY--PERSONAL NAME | |
| Personal name | TANDON, B.K. |
| 245 ## - TITLE STATEMENT | |
| Title | TB. OF HUMAN ANATOMY |
| 250 ## - EDITION STATEMENT | |
| Edition statement | 2ND |
| 260 ## - PUBLICATION, DISTRIBUTION, ETC. (IMPRINT) | |
| Place of publication, distribution, etc | INDIA |
| Name of publisher, distributor, etc | AHUJA |
| Year of Publication | 2014 |
| 300 ## - PAGE DESCRIPTION | |
| No. of Pages | 253 |
| 650 ## - SUBJECT ADDED ENTRY--TOPICAL TERM | |
| Topical term or geographic name as entry element | ANATOMY |
| 942 ## - ADDED ENTRY ELEMENTS (KOHA) | |
| Source of classification or shelving scheme | Dewey Decimal Classification |
| Koha item type | Books |
| 942 ## - ADDED ENTRY ELEMENTS (KOHA) | |
| -- | 3 |
| Withdrawn status | Lost status | Source of classification or shelving scheme | Damaged status | Not for loan | Collection code | Home library | Current library | Shelving location | Date acquired | Vendor Name | Cost, normal purchase price | Volume Information (Serial or Books or Non-Book Material) | SGTU | Bill Number | Total Checkouts | Full call number | Accession No. (Barcode) | Date last seen | Date last borrowed | Bill Date | Koha item type |
|---|---|---|---|---|---|---|---|---|---|---|---|---|---|---|---|---|---|---|---|---|---|
| Dewey Decimal Classification | MEDICAL | SGT Medical Library | SGT Medical Library | Text Book | 24/01/2017 | ABC | 395.00 | II | SGTU | 7551 | 3 | 611 H14T | FM8456 | 01/12/2025 | 01/12/2025 | 23/12/2016 | Books | ||||
| Dewey Decimal Classification | MEDICAL | SGT Medical Library | SGT Medical Library | Text Book | 24/01/2017 | ABC | 395.00 | II | SGTU | 7551 | 611 H14T | FM8457 | 24/01/2017 | 23/12/2016 | Books | ||||||
| Dewey Decimal Classification | MEDICAL | SGT Medical Library | SGT Medical Library | Text Book | 24/01/2017 | ABC | 395.00 | II | SGTU | 7551 | 611 H14T | FM8458 | 24/01/2017 | 23/12/2016 | Books | ||||||
| Dewey Decimal Classification | MEDICAL | SGT Medical Library | SGT Medical Library | Text Book | 24/01/2017 | ABC | 395.00 | II | SGTU | 7551 | 1 | 611 H14T | FM8459 | 01/12/2025 | 01/12/2025 | 23/12/2016 | Books | ||||
| Dewey Decimal Classification | MEDICAL | SGT Medical Library | SGT Medical Library | Text Book | 24/01/2017 | ABC | 395.00 | II | SGTU | 7551 | 611 H14T | FM8460 | 24/01/2017 | 23/12/2016 | Books | ||||||
| Dewey Decimal Classification | MEDICAL | SGT Medical Library | SGT Medical Library | Text Book | 24/01/2017 | ABC | 495.00 | III | SGTU | 7551 | 4 | 611 H14T | FM8461 | 01/05/2025 | 16/04/2025 | 23/12/2016 | Books | ||||
| Dewey Decimal Classification | MEDICAL | SGT Medical Library | SGT Medical Library | Text Book | 24/01/2017 | ABC | 495.00 | III | SGTU | 7551 | 611 H14T | FM8462 | 23/05/2017 | 23/12/2016 | Books |